| 000 | 00694nam a2200229Ia 4500 | ||
|---|---|---|---|
| 999 |
_c35992 _d35992 |
||
| 001 | 1891 | ||
| 003 | GE_BSU | ||
| 005 | 20221011102404.0 | ||
| 008 | 181216s2006ru xx |||||||||||||| ||rus|| | ||
| 020 | _a978594897557 | ||
| 040 | _cGE_BSU | ||
| 041 | _arus | ||
| 080 | _a342.7 К-64 | ||
| 245 | _aКонвенция о правах ребенка. | ||
| 250 | _aвып.№3. | ||
| 264 |
_aМосква : _bЮрайт-издат, _c2007. |
||
| 300 |
_a22 с. : _b20 см. |
||
| 653 | _aКониенция о правах ребенка | ||
| 653 | _aბავშვის უფლებათა კონვენცია | ||
| 653 | _aსამართალი | ||
| 942 |
_cBK _2udc |
||